Footballeurs par lettre V - Statistiques

Statistiques générales
  • Ce quiz a été pris 126 fois
  • Le résultat moyen est 13 sur 18
Statistiques - réponses
Par images Réponse % Correct
Van dijk
96%
Varane
96%
Vidal
96%
Vardy
95%
Verratti
95%
Valverde
91%
Van Persie
89%
Van der Sar
86%
Valdes
85%
Valbuena
84%
Villa
82%
Van Basten
72%
Valencia
62%
Veron
61%
Vermaelen
56%
Volland
46%
Vargas
38%
Vecino
17%
Aucun quiz correspondant
Distribution des résultats
% des personnes avec chaque résultat
Percentile par nombre de réponses
Votre historique - résultats
Vous n’avez pas pris ce quiz